000 00533nam a2200217Ia 4500
003 OSt
005 20221005132619.0
006 a|||||r|||| 00| 0
007 ta
008 221004b |||||||| |||| 00| 0 tam d
024 _a51912
037 _cTextual
040 _aCRL
_cCRL
_btam
041 _2tam
_atam
082 _aU2.2, 31K8
100 _aVaithilingam
_9641414
245 0 _aUlagamum namathunaadum
650 _aGEOGRAPHY
942 _hU2.2, 31K8
_cTEXL
_2cc
999 _c1064208
_d1064208